[Event "Titled Tuesday intern op 15th Nov Late"]
[Site "Chess.com INT"]
[Date "2022.11.15"]
[Round "2"]
[White "Coleman, Maxx W"]
[Black "Zhigalko, Sergei"]
[Result "0-1"]
[WhiteElo "2242"]
[BlackElo "2572"]
[PlyCount "44"]
[EventDate "2022.11.15"]
[EventType "swiss (blitz)"]
[EventRounds "11"]
[EventCountry "USA"]
[SourceTitle "CBM 211 Extra"]
[Source "ChessBase"]
[SourceDate "2023.01.31"]
[SourceVersion "1"]
[SourceVersionDate "2023.01.31"]
[SourceQuality "1"]

1. Nf3 d5 2. c4 d4 3. b4 Bg4 4. e3 e5 5. h3 Bxf3 6. Qxf3 Nf6 7. exd4 exd4 8. a3 Nbd7 9. Qxb7 a5 10. Bb2 axb4 11. axb4 Rb8 12. Qf3 Bxb4 13. Ba3 0-0 14. Be2 Ne5 15. Qg3 d3 16. Bxb4 Rxb4 17. Qxe5 Re8 18. Qc3 Rxe2+ 19. Kf1 c5 20. Kg1 h6 21. g3 Ne4 22. Qa3 Nxf2 0-1

[Event "Titled Tuesday intern op 08th Nov Late"]
[Site "Chess.com INT"]
[Date "2022.11.08"]
[Round "1"]
[White "Coleman, Maxx W"]
[Black "Ferriz Barrios, Andres"]
[Result "1/2-1/2"]
[WhiteElo "2242"]
[BlackElo "2102"]
[PlyCount "88"]
[EventDate "2022.11.08"]
[EventType "swiss (blitz)"]
[EventRounds "11"]
[EventCountry "USA"]
[SourceTitle "EXT 2024"]
[Source "ChessBase"]
[SourceDate "2023.10.10"]
[SourceVersion "1"]
[SourceVersionDate "2023.10.10"]
[SourceQuality "1"]

1. b3 Nf6 2. Bb2 g6 3. e3 Bg7 4. Nf3 d6 5. Be2 Nbd7 6. 0-0 e5 7. d4 exd4 8. Nxd4 0-0 9. c4 Ne5 10. Nd2 Nfg4 11. Qc1 Qh4 12. N4f3 Qh5 13. h3 Nf6 14. Re1 Nxf3+ 15. Bxf3 Qh4 16. c5 dxc5 17. Qxc5 c6 18. Rad1 Be6 19. Qc1 Rad8 20. Ba3 Rfe8 21. Bc5 b6 22. Bd4 c5 23. Bc3 Bd5 24. Bxd5 Rxd5 25. g3 Qxh3 26. Bxf6 Bxf6 27. Ne4 Rf5 28. Nxf6+ Rxf6 29. Qc4 Ree6 30. Rd8+ Kg7 31. Red1 Rxf2 32. Kxf2 Qh2+ 33. Kf3 Rf6+ 34. Ke4 Qxg3 35. R1d7 Qg4+ 36. Kd3 Qd1+ 37. Kc3 Qa1+ 38. Kd3 Qd1+ 39. Ke4 Qf3+ 40. Kd3 Qf1+ 41. Kc3 Qa1+ 42. Kd3 Qf1+ 43. Ke4 Qf3+ 44. Kd3 Qd1+ 1/2-1/2

[Event "Titled Tuesday intern op 26th Jul Early"]
[Site "Chess.com INT"]
[Date "2022.07.26"]
[Round "4"]
[White "Ardila, Oscar Humberto"]
[Black "Coleman, Maxx W"]
[Result "0-1"]
[WhiteElo "2019"]
[BlackElo "2242"]
[PlyCount "118"]
[EventDate "2022.07.26"]
[EventType "swiss (blitz)"]
[EventRounds "11"]
[EventCountry "USA"]
[SourceTitle "EXT 2023"]
[Source "ChessBase"]
[SourceDate "2022.10.05"]
[SourceVersion "1"]
[SourceVersionDate "2022.10.05"]
[SourceQuality "1"]

1. d4 Nf6 2. c4 e5 3. dxe5 Ng4 4. Nf3 Nc6 5. e3 Ngxe5 6. Be2 g6 7. 0-0 Bg7 8. Nbd2 0-0 9. Nxe5 Nxe5 10. Nf3 b6 11. Qd5 Nxf3+ 12. Bxf3 Rb8 13. Rd1 d6 14. Qd2 Re8 15. a4 a5 16. Ra3 Qh4 17. b3 Be5 18. g3 Qf6 19. Bg2 Bg4 20. Rf1 Bc3 21. Qc2 h5 22. h3 Bd7 23. Ra2 h4 24. g4 Re7 25. Bb2 Bxb2 26. Rxb2 Rbe8 27. Qd2 Qe5 28. Rbb1 f5 29. gxf5 Bxf5 30. Rbd1 Kh7 31. Qd4 g5 32. Qxe5 Rxe5 33. Rd4 Kg6 34. Rfd1 Bc2 35. Rc1 Bxb3 36. Ra1 Rc5 37. Bf1 Bc2 38. Ra2 Bf5 39. Rad2 Kf6 40. Kh2 Bd7 41. Ra2 Ree5 42. Bd3 g4 43. hxg4 Bxg4 44. Rxg4 d5 45. cxd5 Rexd5 46. Rf4+ Ke7 47. Be4 Rd1 48. Rd2 Rxd2 49. Bg2 Rcc2 50. Kh3 Rxf2 51. Rg4 Rxg2 52. Rxg2 Rxg2 53. Kxg2 c6 54. Kh3 b5 55. axb5 cxb5 56. Kxh4 a4 57. Kg4 a3 58. Kf4 a2 59. Ke4 a1Q 0-1

[Event "North American op 30th"]
[Site "Stillwater"]
[Date "2011.05.30"]
[Round "11"]
[White "Coleman, Maxx W"]
[Black "Braunlich, Tom"]
[Result "1-0"]
[WhiteElo "2200"]
[BlackElo "2220"]
[PlyCount "91"]
[EventDate "2011.05.27"]
[EventType "swiss"]
[EventRounds "11"]
[EventCountry "USA"]
[SourceTitle "CBM 142 Extra"]
[Source "ChessBase"]
[SourceDate "2011.06.27"]
[SourceVersion "1"]
[SourceVersionDate "2011.06.27"]
[SourceQuality "1"]

1. Nf3 Nf6 2. c4 g6 3. Nc3 Bg7 4. g3 0-0 5. Bg2 d6 6. 0-0 Nc6 7. d3 e5 8. Rb1 a5 9. a3 Nd4 10. Nd2 c6 11. e3 Ne6 12. b4 axb4 13. axb4 d5 14. Bb2 Qd6 15. Qb3 Nc7 16. Na4 Bg4 17. Rfc1 Nd7 18. Nc5 Rfb8 19. h3 b6 20. Nxd7 Bxd7 21. b5 c5 22. cxd5 Bxb5 23. Nc4 Bxc4 24. dxc4 b5 25. cxb5 Rxb5 26. Qc2 Rab8 27. Ba3 Bf8 28. Rxb5 Rxb5 29. Qa4 Qb6 30. Qc2 Bd6 31. Bf1 Ra5 32. Rb1 Qa7 33. Bb2 Na6 34. Bc3 Nb4 35. Qe4 Qc7 36. f4 f5 37. Qc4 e4 38. Bb2 Bf8 39. d6+ Qf7 40. d7 Ra8 41. Rd1 Rd8 42. Qb5 Nd3 43. Rxd3 exd3 44. Bxd3 Rxd7 45. Bc4 Rd5 46. Qb3 1-0

[Event "North American op 30th"]
[Site "Stillwater"]
[Date "2011.05.29"]
[Round "7"]
[White "Veal, Joe Dean"]
[Black "Coleman, Maxx W"]
[Result "0-1"]
[WhiteElo "1952"]
[BlackElo "2200"]
[PlyCount "76"]
[EventDate "2011.05.27"]
[EventType "swiss"]
[EventRounds "11"]
[EventCountry "USA"]
[SourceTitle "CBM 142 Extra"]
[Source "ChessBase"]
[SourceDate "2011.06.27"]
[SourceVersion "1"]
[SourceVersionDate "2011.06.27"]
[SourceQuality "1"]

1. e4 c5 2. Nf3 e6 3. d4 cxd4 4. Nxd4 a6 5. c4 Nf6 6. Nc3 Qc7 7. Bd3 h5 8. f4 d6 9. Qe2 Nbd7 10. Be3 Be7 11. 0-0-0 b6 12. Kb1 Bb7 13. f5 e5 14. Nb3 Nc5 15. Nxc5 bxc5 16. Nd5 Bxd5 17. cxd5 Qb7 18. g3 Rb8 19. Bc1 a5 20. h3 a4 21. g4 h4 22. Rhg1 Bd8 23. Qe1 Qa7 24. g5 Nd7 25. Rg4 Ba5 26. Qf2 Bc3 27. Rxh4 Rxh4 28. Qxh4 a3 29. b3 Rxb3+ 30. Kc2 c4 31. Bxc4 Rb4 32. Bb3 Bd4 33. g6 Qc5+ 34. Kb1 Rxb3+ 35. axb3 a2+ 36. Kxa2 Qc2+ 37. Ka3 Qxd1 38. gxf7+ Kxf7 0-1

[Event "Oklahoma City op"]
[Site "Oklahoma"]
[Date "2009.07.26"]
[Round "5"]
[White "Coleman, Maxx W"]
[Black "Holt, Conrad"]
[Result "1/2-1/2"]
[WhiteElo "2212"]
[BlackElo "2303"]
[PlyCount "84"]
[EventDate "2009.07.25"]
[EventType "swiss"]
[EventRounds "5"]
[EventCountry "USA"]
[SourceTitle "CBM 131 Extra"]
[Source "ChessBase"]
[SourceDate "2009.09.03"]
[SourceVersion "2"]
[SourceVersionDate "2009.09.16"]
[SourceQuality "1"]

1. e4 e6 2. d4 d5 3. Nc3 Bb4 4. e5 c5 5. a3 Bxc3+ 6. bxc3 Ne7 7. Qg4 0-0 8. Bd3 Nbc6 9. Nf3 f5 10. exf6 Rxf6 11. Qh4 h6 12. Ne5 Nxe5 13. dxe5 Rf7 14. 0-0 Bd7 15. f4 c4 16. Be2 Ba4 17. Rb1 Bxc2 18. Rxb7 Nc6 19. Qxd8+ Rxd8 20. Rb2 Bb3 21. Be3 d4 22. cxd4 Nxd4 23. Rc1 Nxe2+ 24. Rxe2 Rfd7 25. Kf2 Rd3 26. Bxa7 c3 27. Re3 c2 28. Rxd3 Rxd3 29. Be3 Rd1 30. g4 g6 31. h4 h5 32. f5 exf5 33. gxf5 gxf5 34. e6 Kf8 35. Bg5 Ke8 36. Ke3 Ba4 37. Ke2 f4 38. Bxf4 Ke7 39. Bd2 Kxe6 40. Kd3 Kd5 41. Kc3 Ke4 42. Bg5 Rd3+ 1/2-1/2

[Event "Oklahoma City op"]
[Site "Oklahoma"]
[Date "2009.07.25"]
[Round "2"]
[White "Berger, Jacob V"]
[Black "Coleman, Maxx W"]
[Result "1/2-1/2"]
[WhiteElo "1928"]
[BlackElo "2212"]
[PlyCount "64"]
[EventDate "2009.07.25"]
[EventType "swiss"]
[EventRounds "5"]
[EventCountry "USA"]
[SourceTitle "CBM 131 Extra"]
[Source "ChessBase"]
[SourceDate "2009.09.03"]
[SourceVersion "2"]
[SourceVersionDate "2009.09.16"]
[SourceQuality "1"]

1. e4 c5 2. Nf3 e6 3. d4 cxd4 4. Nxd4 a6 5. Nc3 Qc7 6. Bd3 Nf6 7. 0-0 h5 8. Re1 Bc5 9. Nb3 Ng4 10. Nxc5 Qxh2+ 11. Kf1 Qh1+ 12. Ke2 Qxg2 13. Rf1 Nc6 14. Nb3 h4 15. Bf4 h3 16. Bg3 h2 17. Rh1 Rh3 18. Qf1 Rxg3 19. Qxg2 Rxg2 20. Kf3 Rxf2+ 21. Kxg4 Ne5+ 22. Kg3 Nxd3 23. cxd3 Rxb2 24. Rxh2 Rxh2 25. Kxh2 b6 26. Rc1 b5 27. e5 Ke7 28. Rg1 g6 29. Ne4 Bb7 30. Nbc5 Bd5 31. Rf1 f5 32. Ng3 g5 1/2-1/2

[Event "Oklahoma City op"]
[Site "Oklahoma"]
[Date "2009.07.25"]
[Round "1"]
[White "Coleman, Maxx W"]
[Black "Whitcomb, Bran"]
[Result "1-0"]
[WhiteElo "2212"]
[BlackElo "2023"]
[PlyCount "47"]
[EventDate "2009.07.25"]
[EventType "swiss"]
[EventRounds "5"]
[EventCountry "USA"]
[SourceTitle "CBM 131 Extra"]
[Source "ChessBase"]
[SourceDate "2009.09.03"]
[SourceVersion "2"]
[SourceVersionDate "2009.09.16"]
[SourceQuality "1"]

1. e4 c5 2. Nf3 g6 3. d4 cxd4 4. Nxd4 Nc6 5. c4 Nf6 6. Nc3 d6 7. Be2 Nxd4 8. Qxd4 Bg7 9. 0-0 0-0 10. Qd2 Be6 11. f3 Qa5 12. Kh1 Rfc8 13. b3 Nd7 14. Bb2 b5 15. f4 Nc5 16. f5 Bd7 17. Qe3 Bc6 18. fxg6 hxg6 19. cxb5 Bxe4 20. Nxe4 Bxb2 21. Bc4 Rf8 22. Rab1 Qxa2 23. Nxc5 dxc5 24. Qe2 1-0

[Event "USA-ch U20"]
[Site "Milwaukee"]
[Date "2009.07.16"]
[Round "7"]
[White "Coleman, Maxx W"]
[Black "Liu, Elliott"]
[Result "1/2-1/2"]
[WhiteElo "2212"]
[BlackElo "2356"]
[PlyCount "77"]
[EventDate "2009.07.13"]
[EventType "tourn"]
[EventRounds "7"]
[EventCountry "USA"]
[EventCategory "6"]
[SourceTitle "CBM 131 Extra"]
[Source "ChessBase"]
[SourceDate "2009.09.03"]
[SourceVersion "2"]
[SourceVersionDate "2009.09.16"]
[SourceQuality "1"]

1. e4 c5 2. Nf3 e6 3. d4 cxd4 4. Nxd4 Nf6 5. Nc3 Bb4 6. Bd3 Nc6 7. Nxc6 dxc6 8. 0-0 e5 9. Ne2 Bc5 10. Ng3 Be6 11. Qe2 Bg4 12. Qe1 h5 13. h3 Be6 14. Be3 Qb6 15. Bxc5 Qxc5 16. Ne2 a5 17. a3 a4 18. Qb4 Nd7 19. Qxb7 0-0 20. Qb4 Rfb8 21. Qd2 Rxb2 22. Qg5 Nf6 23. Ng3 Qd4 24. Rfd1 c5 25. Be2 Qc3 26. Rd3 Qxc2 27. Rf3 Nxe4 28. Nxe4 Qxe4 29. Rg3 Rb1+ 30. Kh2 g6 31. Bd3 Qxd3 32. Rxd3 Rxa1 33. Qxe5 Rc1 34. Rg3 Kh7 35. Rg5 Rc4 36. f4 Rd4 37. Qxc5 Rad8 38. Qe7 Kg7 39. Rg3 1/2-1/2

[Event "Dos Hermanas Internet qual-D 10th"]
[Site "ICC INT"]
[Date "2009.03.14"]
[Round "3"]
[White "Coleman, Maxx W"]
[Black "Fier, Alexandr"]
[Result "0-1"]
[WhiteElo "2212"]
[BlackElo "2590"]
[PlyCount "78"]
[EventDate "2009.03.14"]
[EventType "swiss (blitz)"]
[EventRounds "12"]
[EventCountry "ESP"]
[SourceTitle "EXT 2010"]
[Source "ChessBase"]
[SourceDate "2010.11.25"]
[SourceVersion "1"]
[SourceVersionDate "2010.11.25"]
[SourceQuality "1"]

1. c4 Nf6 2. Nc3 d5 3. cxd5 Nxd5 4. Nf3 g6 5. Qa4+ Bd7 6. Qd4 Nf6 7. d3 Bg7 8. Qh4 h6 9. g3 Nc6 10. Bg2 g5 11. Qc4 Be6 12. Qb5 Rb8 13. Ne5 0-0 14. Nxc6 bxc6 15. Qxc6 Nd7 16. 0-0 Ne5 17. Qa4 Bd7 18. Qxa7 Nc6 19. Qe3 Nd4 20. Qd2 Ra8 21. Rb1 Ra6 22. e3 Nc6 23. d4 f5 24. b4 Rb6 25. b5 Nb8 26. a4 f4 27. exf4 gxf4 28. Nd5 f3 29. Bh1 Rd6 30. Nf4 Rxd4 31. Qc2 Bf5 32. Qb3+ Kh7 33. Bxf3 e5 34. Nh5 Rd3 35. Qc4 Rxf3 36. Nxg7 Kxg7 37. Ba3 Re8 38. Rbd1 Nd7 39. a5 Rxa3 0-1

[Event "Dos Hermanas Internet qual-B 10th"]
[Site "ICC INT"]
[Date "2009.03.13"]
[Round "5"]
[White "Coleman, Maxx W"]
[Black "Bachmann, Axel"]
[Result "0-1"]
[WhiteElo "2212"]
[BlackElo "2562"]
[PlyCount "68"]
[EventDate "2009.03.13"]
[EventType "swiss (blitz)"]
[EventRounds "12"]
[EventCountry "ESP"]
[SourceTitle "CBM 129 Extra"]
[Source "ChessBase"]
[SourceDate "2009.05.05"]
[SourceVersion "2"]
[SourceVersionDate "2009.05.20"]
[SourceQuality "1"]

1. c4 e5 2. Nc3 Nc6 3. g3 Nf6 4. Bg2 Bb4 5. Nd5 Bc5 6. e3 0-0 7. Ne2 Nxd5 8. cxd5 Ne7 9. 0-0 d6 10. d4 exd4 11. Nxd4 Bd7 12. a4 a6 13. Nc2 Re8 14. b4 Ba7 15. Bb2 Ng6 16. h4 Ne5 17. Nd4 Bg4 18. Qc2 Bxd4 19. Bxd4 Nf3+ 20. Bxf3 Bxf3 21. Qf5 Be4 22. Qg4 g6 23. f3 Bxd5 24. Qf4 Qe7 25. Rac1 b6 26. Rc3 c5 27. bxc5 dxc5 28. Bf6 Qe6 29. e4 Bc6 30. Kh2 Rad8 31. e5 Qa2+ 32. Kh3 Qd2 33. Bxd8 Bd7+ 34. e6 Bxe6+ 0-1

[Event "Dos Hermanas Internet qual-A 10th"]
[Site "ICC INT"]
[Date "2009.03.13"]
[Round "3"]
[White "Coleman, Maxx W"]
[Black "Terry, Renato"]
[Result "1/2-1/2"]
[WhiteElo "2212"]
[BlackElo "2369"]
[PlyCount "117"]
[EventDate "2009.03.13"]
[EventType "swiss (blitz)"]
[EventRounds "12"]
[EventCountry "ESP"]
[SourceTitle "CBM 129 Extra"]
[Source "ChessBase"]
[SourceDate "2009.05.05"]
[SourceVersion "2"]
[SourceVersionDate "2009.05.20"]
[SourceQuality "1"]

1. c4 e5 2. Nc3 Nc6 3. g3 g6 4. Bg2 Bg7 5. e3 d6 6. Nge2 h5 7. h4 f5 8. d4 Nf6 9. b3 0-0 10. 0-0 Bd7 11. Bb2 Kh7 12. Nd5 Ng4 13. dxe5 dxe5 14. Qc2 Rc8 15. Rad1 Qe8 16. f3 Nh6 17. e4 f4 18. gxf4 exf4 19. Nexf4 Ne5 20. Nd3 c6 21. Nxe5 Bxe5 22. Bxe5 Qxe5 23. Nf6+ Rxf6 24. Rxd7+ Rf7 25. Qd2 Rcf8 26. f4 Qc5+ 27. Kh1 Ng4 28. f5 Qe5 29. Rxf7+ Rxf7 30. Qf4 Qxf4 31. Rxf4 gxf5 32. exf5 Kg7 33. Bf3 Nf6 34. Rd4 Re7 35. Kg2 Re5 36. Rf4 Ra5 37. a4 Re5 38. Kf2 a5 39. Kg3 Re3 40. Rd4 Rxb3 41. Rd8 Rc3 42. Rb8 Rxc4 43. Rxb7+ Kf8 44. Ra7 Rxa4 45. Bxc6 Rg4+ 46. Kh3 a4 47. Bxa4 Ne4 48. Ra8+ Ke7 49. Ra7+ Kf6 50. Ra6+ Ke5 51. Re6+ Kf4 52. Bc6 Nf2+ 53. Kh2 Nd3 54. Re4+ Kxf5 55. Rxg4 Kxg4 56. Bd7+ Kxh4 57. Be6 Nf4 58. Bf7 Nd3 59. Bxh5 1/2-1/2

[Event "Dos Hermanas Internet qual-B 10th"]
[Site "ICC INT"]
[Date "2009.03.13"]
[Round "7"]
[White "Coleman, Maxx W"]
[Black "Wang, Rui"]
[Result "0-1"]
[WhiteElo "2212"]
[BlackElo "2409"]
[PlyCount "144"]
[EventDate "2009.03.13"]
[EventType "swiss (blitz)"]
[EventRounds "12"]
[EventCountry "ESP"]
[SourceTitle "CBM 129 Extra"]
[Source "ChessBase"]
[SourceDate "2009.05.05"]
[SourceVersion "2"]
[SourceVersionDate "2009.05.20"]
[SourceQuality "1"]

1. c4 c5 2. Nc3 Nf6 3. g3 d5 4. cxd5 Nxd5 5. Bg2 Nc7 6. Nf3 Nc6 7. 0-0 e5 8. d3 Be7 9. Be3 0-0 10. Rc1 Be6 11. Na4 b6 12. a3 Nd5 13. Bd2 Rc8 14. Nc3 f6 15. Nxd5 Bxd5 16. Qa4 a5 17. Bc3 Kh8 18. Rfd1 Re8 19. Nd2 Bxg2 20. Kxg2 Bf8 21. Kg1 Nd4 22. Bxd4 exd4 23. Re1 Qd5 24. Qb5 Qb7 25. Nc4 Rb8 26. e4 dxe3 27. Nxe3 Red8 28. Rcd1 Qd7 29. Qb3 Bd6 30. a4 Be5 31. Nc4 Bd4 32. Re4 f5 33. Rh4 Bf6 34. Rf4 Qd5 35. Qb5 g5 36. Ne3 Qd7 37. Qxd7 Rxd7 38. Rxf5 Bxb2 39. Rxg5 Bd4 40. Nc4 b5 41. axb5 Rxb5 42. Rd2 a4 43. Rf5 Ra7 44. Ra2 Rb3 45. Kg2 Kg7 46. Rf3 a3 47. Nd6 Rb2 48. Nf5+ Kg8 49. Rxa3 Rxa3 50. Ne7+ Kg7 51. Nf5+ Kh8 52. Ne7 Rxf2+ 53. Rxf2 Bxf2 54. Kxf2 Rxd3 55. Nf5 c4 56. Ne3 c3 57. Ke2 Rd2+ 58. Kf3 c2 59. Nxc2 Rxc2 60. h4 Kg7 61. Kf4 h6 62. Kf3 Rc5 63. Kg4 h5+ 64. Kf4 Kg6 65. g4 Rc4+ 66. Kf3 Rxg4 67. Kf2 Rxh4 68. Kg3 Rg4+ 69. Kf3 Kg5 70. Kf2 h4 71. Kf1 h3 72. Kf2 h2 0-1

[Event "North American op"]
[Site "Oklahoma"]
[Date "2008.05.26"]
[Round "7"]
[White "Coleman, Maxx W"]
[Black "Juett, Jason Robert"]
[Result "1-0"]
[WhiteElo "2209"]
[BlackElo "2015"]
[PlyCount "49"]
[EventDate "2008.05.23"]
[EventType "swiss"]
[EventRounds "8"]
[EventCountry "USA"]
[SourceTitle "CBM 124 Extra"]
[Source "ChessBase"]
[SourceDate "2008.07.03"]
[SourceVersion "1"]
[SourceVersionDate "2008.07.03"]
[SourceQuality "1"]

1. c4 c5 2. Nc3 Nc6 3. g3 g6 4. Bg2 Bg7 5. Nf3 Nf6 6. 0-0 0-0 7. d4 cxd4 8. Nxd4 Qb6 9. Nb3 d6 10. Be3 Qb4 11. c5 Rd8 12. Qc1 Qc4 13. Rd1 Ng4 14. cxd6 exd6 15. Bg5 Re8 16. h3 Nge5 17. Rxd6 Qb4 18. Rd1 Nc4 19. Nd5 Qa4 20. Nf6+ Bxf6 21. Bxf6 Re6 22. Bxc6 Qxc6 23. Rd8+ Re8 24. Qh6 Rxd8 25. Qg7# 1-0

[Event "USA-ch Qualifier"]
[Site "Tulsa"]
[Date "2008.03.28"]
[Round "2"]
[White "Ludwig, Daniel"]
[Black "Coleman, Maxx W"]
[Result "1-0"]
[WhiteElo "2357"]
[BlackElo "2209"]
[PlyCount "109"]
[EventDate "2008.03.28"]
[EventType "swiss"]
[EventRounds "7"]
[EventCountry "USA"]
[SourceTitle "CBM 123 Extra"]
[Source "ChessBase"]
[SourceDate "2008.05.06"]
[SourceVersion "1"]
[SourceVersionDate "2008.05.06"]
[SourceQuality "1"]

1. e4 c5 2. Nf3 e6 3. d4 cxd4 4. Nxd4 a6 5. Nc3 Qc7 6. Be2 Nf6 7. 0-0 Be7 8. Be3 d6 9. a4 Nc6 10. f4 0-0 11. Kh1 Bd7 12. Nb3 Na5 13. Nd2 Rfc8 14. Bd3 Be8 15. Qe2 Nd7 16. Nf3 Bf6 17. e5 dxe5 18. f5 Nc4 19. fxe6 fxe6 20. Bc1 Nd6 21. Ng5 Nf8 22. Qg4 Bxg5 23. Bxg5 Nf5 24. Rad1 Bg6 25. Ne4 Nd7 26. b4 a5 27. Rb1 Rf8 28. bxa5 Rxa5 29. Bd2 Raa8 30. a5 Nf6 31. Nxf6+ Rxf6 32. Qb4 Nd6 33. Rfe1 e4 34. Be2 Raf8 35. Bc3 Rf5 36. Bg4 Rc5 37. Bxe6+ Kh8 38. Bd4 Rb5 39. Qd2 Rh5 40. Bb6 Qe7 41. Bg4 Rh4 42. Bc5 Rd8 43. Bh3 Qe5 44. Bd4 Qh5 45. Bb6 e3 46. Rxe3 Rd7 47. Rf1 h6 48. Rf8+ Kh7 49. Bxd7 Rxh2+ 50. Kg1 Ne4 51. Rxe4 Bxe4 52. Bh3 Rxh3 53. gxh3 Qxh3 54. Rf4 Qg3+ 55. Kf1 1-0

[Event "North American op 26th"]
[Site "Stillwater"]
[Date "2007.09.01"]
[Round "4"]
[White "Steiner, Tim C"]
[Black "Coleman, Maxx W"]
[Result "1/2-1/2"]
[WhiteElo "2128"]
[BlackElo "2201"]
[PlyCount "71"]
[EventDate "2007.08.31"]
[EventType "swiss"]
[EventRounds "10"]
[EventCountry "USA"]
[SourceTitle "CBM 120 Extra"]
[Source "ChessBase"]
[SourceDate "2007.11.01"]
[SourceVersion "1"]
[SourceVersionDate "2007.11.01"]
[SourceQuality "1"]

1. d4 Nf6 2. c4 e6 3. Nc3 d5 4. cxd5 exd5 5. Bg5 c6 6. e3 Be7 7. Qc2 0-0 8. Bd3 Nbd7 9. Nge2 Re8 10. 0-0 Nf8 11. f3 h6 12. Bh4 Ne6 13. Rae1 a6 14. Kh1 b5 15. Bf2 c5 16. Bf5 b4 17. Nb1 g6 18. Bxe6 Bxe6 19. dxc5 Bf5 20. Qc1 Rc8 21. c6 Bd3 22. Nd2 Qb6 23. Nd4 Bxf1 24. Rxf1 Bf8 25. Qc2 Bg7 26. Rc1 Nh7 27. N2b3 Nf8 28. e4 dxe4 29. fxe4 Qc7 30. Qc4 Rxe4 31. Qxa6 Bxd4 32. Nxd4 Qf4 33. Rf1 Rxd4 34. Bxd4 Rxc6 35. Qxc6 Qxf1+ 36. Bg1 1/2-1/2